Panorama de violaciones al derecho

Bibliographic Details
Format: eBook
Language:Spanish
Published: Bogot:̀ Comisin̤ Colombiana de Juristas, 2017
Subjects:
Online Access:Acceso restringido

MARC

LEADER 00000nam a22000007a 4500
005 20200306000727.0
007 cr|||| ||||
008 200306s2017 co |||||s|||| 00||0 spa d
035 |a 31165 
040 |a vLex 
090 |c 10191  |d 10191 
245 0 0 |a Panorama de violaciones al derecho  |h [Recurso electrn̤ico] / 
256 |a Servicio en ln̕ea 
260 |a Bogot:̀  |b Comisin̤ Colombiana de Juristas,  |c 2017 
300 |a 1 recurso electrn̤ico 
500 |a Panorama de violaciones al derecho a la vida, libertad e integridad de ld̕eres sociales y defensores de derechos humanos en 2016 y primer semestre de 2017 
506 1 |a Disponible solo en los productos indicados  |d vLex Global  |d vLex Global (Academic Edition, excluding Law Schools)  |d vLex Global (U.S. Academic Edition, Law Schools)  |d vLex Global (U.S. Academic Edition, excluding Law Schools)  |d vLex Global (Academic Edition, Law Schools) 
650 0 4 |a Derecho Internacional  |z Colombia 
740 0 |a vLex Libros (Servicio en ln̕ea) 
856 4 0 |u http://vlex.com/source/panorama-violaciones-derecho-31165  |z Acceso restringido 
942 |c BOOK 
999 0 |a International right